[Event "Osijek op 12th"]
[Site "Osijek"]
[Date "2019.02.22"]
[Round "4.11"]
[White "Dabic, Stjepan"]
[Black "Biljcevic, Miodrag"]
[Result "1-0"]
[WhiteElo "2123"]
[BlackElo "1741"]
[PlyCount "101"]
[EventDate "2019.02.21"]
[EventType "swiss"]
[EventRounds "7"]
[EventCountry "CRO"]
[SourceTitle "EXT 2023"]
[Source "ChessBase"]
[SourceDate "2022.10.05"]
[SourceVersion "1"]
[SourceVersionDate "2022.10.05"]
[SourceQuality "1"]

1. d4 d5 2. c4 dxc4 3. Nf3 Nf6 4. e3 Bg4 5. Bxc4 e6 6. Qb3 Bxf3 7. gxf3 Qc8 8. Nc3 c6 9. a4 a5 10. e4 Bb4 11. Rg1 Kf8 12. Ke2 Qc7 13. Be3 Nbd7 14. Rac1 Nb6 15. e5 Ne8 16. Bd3 Bxc3 17. bxc3 Nd5 18. Be4 Nxe3 19. fxe3 Rb8 20. c4 g6 21. Rb1 Kg7 22. Qb6 c5 23. Qxc7 Nxc7 24. Bxb7 Rhd8 25. dxc5 f6 26. f4 fxe5 27. fxe5 Kf7 28. Be4 Rb4 29. Rxb4 axb4 30. Bb7 Ke7 31. a5 Rf8 32. a6 Rf5 33. a7 Rxe5 34. a8Q Nxa8 35. Bxa8 Rxc5 36. Kd3 Ra5 37. Be4 Kd6 38. h4 Ra3+ 39. Ke2 Kc5 40. Bd3 Ra2+ 41. Kf3 Rh2 42. Rg5+ Kd6 43. c5+ Kc7 44. Rg4 Kc6 45. Rc4 b3 46. Be4+ Kc7 47. Rb4 Rxh4 48. Rxb3 g5 49. Rb7+ Kc8 50. Rxh7 Rxh7 51. Bxh7 1-0

[Event "Osijek op 12th"]
[Site "Osijek"]
[Date "2019.02.21"]
[Round "2.35"]
[White "Zivkovic, Mihael"]
[Black "Biljcevic, Miodrag"]
[Result "0-1"]
[WhiteElo "1195"]
[BlackElo "1741"]
[PlyCount "74"]
[EventDate "2019.02.21"]
[EventType "swiss"]
[EventRounds "7"]
[EventCountry "CRO"]
[SourceTitle "EXT 2023"]
[Source "ChessBase"]
[SourceDate "2022.10.05"]
[SourceVersion "1"]
[SourceVersionDate "2022.10.05"]
[SourceQuality "1"]

1. e4 d5 2. exd5 Qxd5 3. Nc3 Qa5 4. d4 c6 5. Bd2 Qc7 6. Bc4 Nf6 7. Nf3 Bg4 8. h3 Bh5 9. g4 Bg6 10. Be3 e6 11. a3 Nbd7 12. Qe2 Bd6 13. 0-0-0 b5 14. Ba2 b4 15. axb4 Bxb4 16. g5 Nd5 17. Nxd5 cxd5 18. c3 Bxc3 19. Rdg1 Bxd4+ 20. Kd1 Bxe3 21. fxe3 Qa5 22. Bb3 Qa1+ 23. Kd2 Qxb2+ 24. Ke1 Qxb3 25. Nd4 Qd3 26. Qf3 Be4 27. Qg3 e5 28. Nc6 Bxh1 29. Rxh1 Qc3+ 30. Kf2 Qxc6 31. Rd1 0-0 32. Qg4 Rab8 33. Kg1 Rb2 34. e4 d4 35. h4 Qc2 36. Qg3 Qxd1+ 37. Qe1 Qxe1# 0-1

[Event "Osijek op 10th"]
[Site "Osijek"]
[Date "2017.02.26"]
[Round "7"]
[White "Kovac, Petar"]
[Black "Biljcevic, Miodrag"]
[Result "1/2-1/2"]
[WhiteElo "1409"]
[BlackElo "1780"]
[PlyCount "32"]
[EventDate "2017.02.23"]
[EventType "swiss"]
[EventRounds "7"]
[EventCountry "CRO"]
[SourceTitle "EXT 2019"]
[Source "ChessBase"]
[SourceDate "2018.10.10"]
[SourceVersion "1"]
[SourceVersionDate "2018.10.10"]
[SourceQuality "1"]

1. d4 Nf6 2. c4 g6 3. Nc3 Bg7 4. Nf3 0-0 5. Bg5 c6 6. e3 d5 7. h3 Re8 8. Bd3 Nbd7 9. 0-0 h6 10. Bh4 g5 11. Bg3 Nf8 12. cxd5 cxd5 13. Nb5 Ne6 14. Bf5 a6 15. Bxe6 axb5 16. Bxc8 Rxc8 1/2-1/2

[Event "Osijek op"]
[Site "Osijek"]
[Date "2015.03.05"]
[Round "2"]
[White "Orak, Tugomir"]
[Black "Biljcevic, Miodrag"]
[Result "1/2-1/2"]
[WhiteElo "1973"]
[BlackElo "1816"]
[PlyCount "66"]
[EventDate "2015.03.05"]
[EventType "swiss"]
[EventRounds "7"]
[EventCountry "CRO"]
[SourceTitle "CBM 165 Extra"]
[Source "ChessBase"]
[SourceDate "2015.04.21"]
[SourceVersion "1"]
[SourceVersionDate "2015.04.21"]
[SourceQuality "1"]

1. c4 c6 2. g3 Nf6 3. Nf3 d5 4. b3 g6 5. Bb2 Bg7 6. Bg2 0-0 7. 0-0 Bg4 8. Ne5 Be6 9. Qc1 Nbd7 10. d3 Qc7 11. Nf3 Rac8 12. Nd4 Qb8 13. Nd2 c5 14. Nxe6 fxe6 15. Bh3 Qd6 16. Nf3 d4 17. Ng5 e5 18. Be6+ Kh8 19. Nf7+ Rxf7 20. Bxf7 Rf8 21. Bd5 Nxd5 22. cxd5 Qxd5 23. Qc4 Nb6 24. Qxd5 Nxd5 25. Bc1 e4 26. Ba3 exd3 27. exd3 b6 28. Rac1 Nc3 29. Rc2 Rf3 30. Re1 Bf6 31. Bb2 Rxd3 32. Kg2 Nd5 33. Bc1 Kg8 1/2-1/2

[Event "Osijek-ch op"]
[Site "Osijek"]
[Date "2014.02.21"]
[Round "4"]
[White "Biljcevic, Miodrag"]
[Black "Turicar, Goran"]
[Result "1/2-1/2"]
[WhiteElo "1837"]
[BlackElo "1757"]
[PlyCount "73"]
[EventDate "2014.02.20"]
[EventType "swiss"]
[EventRounds "7"]
[EventCountry "CRO"]
[SourceTitle "CBM 159 Extra"]
[Source "ChessBase"]
[SourceDate "2014.04.24"]
[SourceVersion "1"]
[SourceVersionDate "2014.04.24"]
[SourceQuality "1"]

1. d4 d5 2. c4 e6 3. e3 Nf6 4. Nf3 Be7 5. Nc3 0-0 6. Bd3 c5 7. b3 Nc6 8. 0-0 a6 9. a3 Qc7 10. Bb2 b6 11. Rc1 dxc4 12. bxc4 cxd4 13. exd4 Bb7 14. d5 Ne5 15. Ne4 Nxd3 16. Qxd3 Qf4 17. Neg5 Qf5 18. Qxf5 exf5 19. Ne5 h6 20. Ngxf7 Rxf7 21. Nxf7 Kxf7 22. a4 Ne4 23. Bd4 b5 24. axb5 axb5 25. cxb5 Bxd5 26. Rfd1 Bb3 27. Rd3 Ba4 28. b6 Rb8 29. f3 Nf6 30. Ra1 Bc6 31. Rc3 Bb7 32. Be5 Rc8 33. Rxc8 Bxc8 34. Ra8 Bb7 35. Rb8 Bc5+ 36. Kh1 Ba6 37. Bc7 1/2-1/2